00500nam a2200193Ia 4500008004100000020001800041050001700059050001400076100002200090245003800112245002200150260001500172260002700187260000900214300001500223300002000238300001100258650003700269180620s9999 xx 000 0 und d a0-13-271974-6 aREF QA 76.73 b.D45 1997 aDeitel, Harvey M. 0aJava multimedia cyber classroom / 0cHarvey M. Deitel. aNew York : bPearson Prentice Hall. c1997 a34 pages : billustrations ; c22 cm. aJava (Computer program language)